|
|
|
|
| LEADER |
00000nam2a2200000 4500 |
| 001 |
361728 |
| 005 |
20231102011422.0 |
| 035 |
|
|
|a (RuTPU)RU\TPU\retro\19074
|
| 035 |
|
|
|a RU\TPU\retro\19041
|
| 090 |
|
|
|a 361728
|
| 100 |
|
|
|a 20210630d1958 k y0rusy50 ca
|
| 101 |
0 |
|
|a rus
|
| 102 |
|
|
|a RU
|
| 105 |
|
|
|a a z 001zy
|
| 200 |
0 |
|
|a Вып. 34: О структуре и свойствах прессованных изделий из алюминиевых сплавов
|f под ред. С. М. Воронова
|
| 210 |
|
|
|d 1958
|
| 215 |
|
|
|a 248 с.
|c ил.
|
| 320 |
|
|
|a Библиогр. в конце ст.
|
| 461 |
|
1 |
|0 (RuTPU)RU\TPU\retro\18841
|t Труды Московского авиационного технологического института
|o [сборник]
|f Московский авиационный технологический институт
|v Вып. 34: О структуре и свойствах прессованных изделий из алюминиевых сплавов
|d 1948-
|
| 606 |
1 |
|
|a Авиационные материалы
|2 stltpush
|3 (RuTPU)RU\TPU\subj\447
|9 29371
|
| 606 |
1 |
|
|a Легкие сплавы
|x Металловедение
|x Сварка
|x Акустические свойства
|2 stltpush
|3 (RuTPU)RU\TPU\subj\39910
|9 59808
|
| 610 |
1 |
|
|a структура
|
| 610 |
1 |
|
|a свойства
|
| 610 |
1 |
|
|a прессованные изделия
|
| 610 |
1 |
|
|a штампованные изделия
|
| 610 |
1 |
|
|a алюминиевые сплавы
|
| 610 |
1 |
|
|a прессэффект
|
| 675 |
|
|
|a 629.73.002.3
|v 4
|
| 675 |
|
|
|a 669.7
|v 4
|
| 702 |
|
1 |
|a Воронов
|b С. М.
|4 340
|
| 801 |
|
1 |
|a RU
|b 63413507
|c 20210615
|
| 801 |
|
2 |
|a RU
|b 63413507
|c 20210630
|g RCR
|
| 942 |
|
|
|c BK
|